000 00482nam a2200181Ia 4500
005 20250508152402.0
008 008 250505s9999 xx 000 0 hin d
037 _aTextual
040 _aFEDL
_beng
_cFEDL
041 _ahin
_2hin
084 _a891.439, SHA
_qFEDL
100 _aSharma Rajnath
245 0 _aSahitya nibandh
260 _aAgra, India
_bVinod Pustak Mandir
_c1958
300 _a518p.
942 _cTEXL
_h891.439, SHA
999 _c1336091
_d1336091